[Event "Monarch Assurance Isle of Man 5th"]
[Site "Port Erin IOM"]
[Date "1996.10.11"]
[Round "7"]
[White "Arkell, Keith C"]
[Black "Sahu, Sekhar Chandra"]
[Result "1-0"]
[WhiteElo "2545"]
[BlackElo "2340"]
[PlyCount "69"]
[EventDate "1996.10.05"]
[EventType "swiss"]
[EventRounds "9"]
[EventCountry "IOM"]
[SourceTitle "BritBase"]

1. d4 d6 2. g3 Nf6 3. Bg2 c6 4. c4 Nbd7 5. Nc3 e5 6. d5 cxd5 7. cxd5 Be7 8. e4
O-O 9. Nge2 a5 10. h3 Nc5 11. Be3 b6 12. O-O Ba6 13. Qd2 Nfd7 14. Rfb1 Bd3 15.
Rd1 Ba6 16. f4 Rc8 17. Rab1 Bd3 18. Rbc1 Ba6 19. b3 b5 20. fxe5 b4 21. exd6
Bxd6 22. Na4 Nxa4 23. bxa4 Ne5 24. Rxc8 Qxc8 25. Nd4 Nc4 26. Qf2 Bc5 27. Bf4
Re8 28. Kh2 Qd7 29. Qc2 Bxd4 30. Rxd4 Rc8 31. Qe2 Qxa4 32. d6 Qd7 33. h4 Qa7
34. Qf2 Bb5 35. Rxc4 1-0

[Event "Monarch Assurance Isle of Man 5th"]
[Site "Port Erin IOM"]
[Date "1996.10.11"]
[Round "7"]
[White "Baburin, Alexander"]
[Black "Sahl, Bjarke"]
[Result "1-0"]
[WhiteElo "2545"]
[BlackElo "2420"]
[PlyCount "71"]
[EventDate "1996.10.05"]
[EventType "swiss"]
[EventRounds "9"]
[EventCountry "IOM"]
[SourceTitle "BritBase"]

1. d4 Nf6 2. c4 e6 3. Nc3 Bb4 4. Qc2 O-O 5. Bg5 h6 6. Bh4 c5 7. e3 cxd4 8. exd4
Nc6 9. Nf3 d5 10. Rd1 Be7 11. a3 Bd7 12. c5 Nh5 13. Bxe7 Qxe7 14. Bb5 e5 15.
Nxd5 Qe6 16. dxe5 Rad8 17. O-O Nxe5 18. Be2 Bc6 19. Nxe5 Bxd5 20. Bxh5 Qxe5 21.
Qe2 Rde8 22. Qxe5 Rxe5 23. Bg4 Bc6 24. b4 Rg5 25. h3 Re8 26. Rd6 a5 27. Rfd1
axb4 28. axb4 h5 29. f4 hxg4 30. fxg5 Re2 31. R1d2 Re5 32. hxg4 Rxg5 33. R6d4
Re5 34. Kf2 g6 35. Re2 Rg5 36. Kg3 1-0

[Event "Monarch Assurance Isle of Man 5th"]
[Site "Port Erin IOM"]
[Date "1996.10.11"]
[Round "7"]
[White "Beaumont, Chris"]
[Black "Brodsky, Michail"]
[Result "0-1"]
[WhiteElo "2330"]
[BlackElo "2510"]
[PlyCount "54"]
[EventDate "1996.10.05"]
[EventType "swiss"]
[EventRounds "9"]
[EventCountry "IOM"]
[SourceTitle "BritBase"]

1. c4 e6 2. Nc3 Bb4 3. d4 Nf6 4. e3 O-O 5. Bd3 d5 6. Nf3 c5 7. O-O dxc4 8. Bxc4
Qe7 9. a3 Ba5 10. Qe2 Nc6 11. dxc5 Bxc3 12. bxc3 Ne4 13. a4 Nxc5 14. Ba3 b6 15.
Nd2 Qc7 16. Bxc5 bxc5 17. Ne4 Ne5 18. f4 Bb7 19. Ng3 Nxc4 20. Qxc4 Rad8 21. Rf2
Rd7 22. f5 exf5 23. Nxf5 g6 24. Qg4 Kh8 25. Ng3 f5 26. Qg5 Qe5 27. h4 Re8 0-1

[Event "Monarch Assurance Isle of Man 5th"]
[Site "Port Erin IOM"]
[Date "1996.10.11"]
[Round "7"]
[White "Coleman, David"]
[Black "Forster, Richard"]
[Result "0-1"]
[WhiteElo "2280"]
[BlackElo "2320"]
[PlyCount "70"]
[EventDate "1996.10.05"]
[EventType "swiss"]
[EventRounds "9"]
[EventCountry "IOM"]
[SourceTitle "BritBase"]

1. e4 c5 2. Nf3 d6 3. d4 cxd4 4. Nxd4 Nf6 5. Nc3 a6 6. Be2 g6 7. h4 h5 8. f3
Qb6 9. a3 Be6 10. Qd3 Nc6 11. Nxc6 bxc6 12. Be3 Qb7 13. Rd1 Bg7 14. b3 Qc7 15.
Kf2 O-O 16. g4 hxg4 17. Rdg1 d5 18. h5 Nxh5 19. fxg4 Nf4 20. Qd2 g5 21. exd5
Qe5 22. Rg3 cxd5 23. Bd3 f5 24. gxf5 Nxd3+ 25. cxd3 d4 26. Ne4 dxe3+ 27. Qxe3
Qf4+ 28. Qxf4 gxf4 29. Rg2 Rac8 30. Kf3 Bxf5 31. Ng5 Rc3 32. Rhg1 Rxd3+ 33. Ke2
Rc8 34. Nf3 Rc2+ 35. Ke1 Rxg2 0-1

[Event "Monarch Assurance Isle of Man 5th"]
[Site "Port Erin IOM"]
[Date "1996.01.11"]
[Round "7"]
[White "Gofshtein, Leonid D"]
[Black "Haslinger, Stewart"]
[Result "1-0"]
[WhiteElo "2545"]
[BlackElo "2195"]
[PlyCount "103"]
[EventDate "1996.10.05"]
[EventType "swiss"]
[EventRounds "9"]
[EventCountry "IOM"]
[SourceTitle "BritBase"]

1. d4 d5 2. c4 e6 3. Nf3 Nf6 4. Nc3 Be7 5. Bg5 O-O 6. e3 h6 7. Bh4 b6 8. Be2
Bb7 9. Bxf6 Bxf6 10. cxd5 exd5 11. Qb3 c6 12. O-O Nd7 13. Rfd1 Re8 14. Rac1 Nf8
15. Bd3 Ne6 16. Bb1 Ng5 17. Qc2 Nxf3+ 18. gxf3 g6 19. Ne2 Bh4 20. Nf4 Qd6 21.
Kg2 Rac8 22. b4 a5 23. bxa5 c5 24. Qb2 cxd4 25. Rxc8 Rxc8 26. Qxd4 bxa5 27.
Nxg6 Bf6 28. Qf4 Qxf4 29. Nxf4 d4 30. exd4 Bg5 31. Nd3 Bf6 32. Ne5 Rd8 33. Bc2
Bd5 34. a3 Rc8 35. Be4 Bxe5 36. dxe5 Bxe4 37. fxe4 Rc3 38. Rd6 Kg7 39. e6 fxe6
40. Rxe6 Rxa3 41. Ra6 a4 42. h4 Ra1 43. Kg3 a3 44. Kf4 a2 45. Kf5 Rh1 46. Rxa2
Rxh4 47. Ra7+ Kf8 48. f4 Rh1 49. Kf6 Ke8 50. e5 Rb1 51. e6 Rb8 52. Rh7 1-0

[Event "Monarch Assurance Isle of Man 5th"]
[Site "Port Erin IOM"]
[Date "1996.10.11"]
[Round "7"]
[White "Hunt, Harriet"]
[Black "Kourkounakis, Ilias"]
[Result "1/2-1/2"]
[WhiteElo "2315"]
[BlackElo "2400"]
[PlyCount "70"]
[EventDate "1996.10.05"]
[EventType "swiss"]
[EventRounds "9"]
[EventCountry "IOM"]
[SourceTitle "BritBase"]

1. e4 c6 2. d4 d5 3. exd5 cxd5 4. c4 Nf6 5. Nc3 e6 6. Nf3 Bb4 7. Bd3 O-O 8. O-O
dxc4 9. Bxc4 b6 10. Qe2 Bb7 11. Rd1 Bxc3 12. bxc3 Qc7 13. Ne5 Bd5 14. Bb2 Bxc4
15. Nxc4 Nc6 16. Ne3 Nd5 17. c4 Nxe3 18. fxe3 e5 19. Rac1 Rfe8 20. Qf3 Rac8 21.
c5 bxc5 22. Rxc5 exd4 23. exd4 Qb6 24. Qf2 Rcd8 25. d5 Ne5 26. h3 f6 27. Bc3
Rd7 28. Qd4 Nf7 29. Ba5 Qd6 30. Rdc1 Ng5 31. Bc7 Rxc7 32. Rxc7 Nf3+ 33. gxf3
Qg3+ 34. Kf1 Qxh3+ 35. Kf2 Qh2+ 1/2-1/2

[Event "Monarch Assurance Isle of Man 5th"]
[Site "Port Erin IOM"]
[Date "1996.10.11"]
[Round "7"]
[White "Ledger, Andrew"]
[Black "Hector, Jonny"]
[Result "1-0"]
[WhiteElo "2415"]
[BlackElo "2525"]
[PlyCount "99"]
[EventDate "1996.10.05"]
[EventType "swiss"]
[EventRounds "9"]
[EventCountry "IOM"]
[SourceTitle "BritBase"]

1. e4 e5 2. Bc4 Nf6 3. d3 Nc6 4. Nc3 Na5 5. Nge2 Nxc4 6. dxc4 d6 7. Qd3 Be7 8.
O-O O-O 9. Ng3 Be6 10. Be3 Ng4 11. Bd2 Bg5 12. Rad1 b6 13. h3 Nh6 14. Nf5 Nxf5
15. exf5 Bc8 16. Nd5 Bxd2 17. Rxd2 Bb7 18. f4 f6 19. fxe5 fxe5 20. Rdf2 c6 21.
Ne3 Qg5 22. f6 Rxf6 23. Rxf6 gxf6 24. Ng4 Rf8 25. Rf5 Qg6 26. Qxd6 Kg7 27.
Qxf8+ Kxf8 28. Rxf6+ Qxf6 29. Nxf6 Kf7 30. Ne4 Ke6 31. Kf2 c5 32. Ke3 h5 33. g3
Bc6 34. c3 a5 35. b3 Ke7 36. a3 Bd7 37. Nf2 Be6 38. g4 hxg4 39. Nxg4 Kd6 40.
Ke4 a4 41. b4 Bxc4 42. Nxe5 Bd5+ 43. Kf4 cxb4 44. cxb4 Bg2 45. Nc4+ Ke6 46.
Nxb6 Bxh3 47. Ke4 Kd6 48. Kd4 Kc6 49. Nxa4 Bf5 50. Nc3 1-0

[Event "Monarch Assurance Isle of Man 5th"]
[Site "Port Erin IOM"]
[Date "1996.10.11"]
[Round "7"]
[White "Markov, Jurij"]
[Black "Richardson, John R"]
[Result "1/2-1/2"]
[WhiteElo "2420"]
[BlackElo "2310"]
[PlyCount "73"]
[EventDate "1996.10.05"]
[EventType "swiss"]
[EventRounds "9"]
[EventCountry "IOM"]
[SourceTitle "BritBase"]

1. Nf3 Nf6 2. g3 e6 3. Bg2 d5 4. O-O c5 5. d4 Nc6 6. c4 dxc4 7. Qa4 Bd7 8. Qxc4
b5 9. Qd3 Rc8 10. dxc5 Bxc5 11. Nc3 Nb4 12. Qd1 Bc6 13. Bg5 O-O 14. Ne5 Bxg2
15. Kxg2 Bd4 16. Qb3 Bxe5 17. Bxf6 Bxf6 18. Qxb4 Bxc3 19. bxc3 Qd5+ 20. e4 Qd7
21. Rab1 Qc6 22. Rfd1 f5 23. Rd6 Qxe4+ 24. Qxe4 fxe4 25. Rxb5 Rxc3 26. Rb2 e3
27. Rxe6 exf2 28. Rxf2 Rxf2+ 29. Kxf2 Ra3 30. Re2 Kf7 31. h4 a5 32. Kg2 g5 33.
hxg5 Kg6 34. Kh3 Kxg5 35. Rc2 a4 36. Rc5+ Kf6 37. Rc6+ 1/2-1/2

[Event "Monarch Assurance Isle of Man 5th"]
[Site "Port Erin IOM"]
[Date "1996.10.11"]
[Round "7"]
[White "Novikov, Igor A"]
[Black "Buckley, Graeme"]
[Result "1-0"]
[WhiteElo "2585"]
[BlackElo "2370"]
[PlyCount "67"]
[EventDate "1996.10.05"]
[EventType "swiss"]
[EventRounds "9"]
[EventCountry "IOM"]
[SourceTitle "BritBase"]

1. d4 Nf6 2. c4 c5 3. d5 b5 4. cxb5 a6 5. e3 g6 6. Nc3 Bg7 7. a4 Bb7 8. Bc4
axb5 9. Nxb5 O-O 10. Ne2 e6 11. Nec3 Qa5 12. O-O Na6 13. e4 exd5 14. exd5 Nb4
15. Bf4 Rac8 16. Nd6 Ba6 17. Bxa6 Qxa6 18. Nxc8 Rxc8 19. Qd2 Nd3 20. Rab1 c4
21. Bh6 Bh8 22. b3 Ng4 23. Nb5 Nxh6 24. bxc4 Ne5 25. Qxh6 Bg7 26. Qe3 Rxc4 27.
h3 Rxa4 28. Nc7 Qc8 29. Rfc1 Qf8 30. Qb3 Rd4 31. Qb8 h5 32. Ne8 Kh7 33. Nf6+
Kh6 34. Qxe5 1-0

[Event "Monarch Assurance Isle of Man 5th"]
[Site "Port Erin IOM"]
[Date "1996.10.11"]
[Round "7"]
[White "Tzermiadianos, Andreas"]
[Black "Norwood, David"]
[Result "1-0"]
[WhiteElo "2375"]
[BlackElo "2520"]
[PlyCount "67"]
[EventDate "1996.10.05"]
[EventType "swiss"]
[EventRounds "9"]
[EventCountry "IOM"]
[SourceTitle "BritBase"]

1. e4 g6 2. d4 Bg7 3. Nc3 c6 4. f4 Qb6 5. Nf3 d5 6. e5 Bg4 7. Be2 e6 8. O-O Ne7
9. Na4 Qc7 10. Be3 Nd7 11. b3 h5 12. c4 Nb6 13. c5 Nxa4 14. bxa4 b6 15. Rc1 O-O
16. h3 Nf5 17. Bf2 Bxf3 18. Bxf3 Rab8 19. g4 hxg4 20. hxg4 Ne7 21. Qd2 f5 22.
Bh4 fxg4 23. Bxe7 Qxe7 24. Bxg4 Bh6 25. cxb6 Rxb6 26. a5 Ra6 27. Rf3 c5 28. Rg3
Kg7 29. Be2 c4 30. Bd1 Rg8 31. Bc2 Kf8 32. Qh2 Qh7 33. Rb1 Rg7 34. Rb8+ 1-0

[Event "Monarch Assurance Isle of Man 5th"]
[Site "Port Erin IOM"]
[Date "1996.10.12"]
[Round "8"]
[White "Arkell, Keith C"]
[Black "Novikov, Igor A"]
[Result "1/2-1/2"]
[WhiteElo "2545"]
[BlackElo "2585"]
[PlyCount "27"]
[EventDate "1996.10.05"]
[EventType "swiss"]
[EventRounds "9"]
[EventCountry "IOM"]
[SourceTitle "BritBase"]

1. d4 d5 2. c4 e6 3. Nc3 c6 4. Nf3 Nf6 5. cxd5 exd5 6. Bg5 Be7 7. Qc2 g6 8. e3
Bf5 9. Bd3 Bxd3 10. Qxd3 Nbd7 11. Bh6 Ng4 12. Bf4 O-O 13. O-O Re8 14. h3
1/2-1/2

[Event "Monarch Assurance Isle of Man 5th"]
[Site "Port Erin IOM"]
[Date "1996.10.12"]
[Round "8"]
[White "Forster, Richard"]
[Black "Tzermiadianos, Andreas"]
[Result "1/2-1/2"]
[WhiteElo "2320"]
[BlackElo "2375"]
[PlyCount "169"]
[EventDate "1996.10.05"]
[EventType "swiss"]
[EventRounds "9"]
[EventCountry "IOM"]
[SourceTitle "BritBase"]

1. e4 c5 2. Nf3 Nc6 3. d4 cxd4 4. Nxd4 Nf6 5. Nc3 e5 6. Ndb5 d6 7. Bg5 a6 8.
Na3 b5 9. Bxf6 gxf6 10. Nd5 Bg7 11. Bd3 Ne7 12. Nxe7 Qxe7 13. c3 f5 14. O-O O-O
15. Nc2 Bb7 16. exf5 d5 17. Qh5 e4 18. Rfe1 Rfd8 19. Rad1 Rd6 20. Bf1 Rh6 21.
Qg4 Kh8 22. Qf4 Rh4 23. Qe3 Rg8 24. g3 Rh5 25. Nd4 Bh6 26. Qf3 Qg5 27. Qg2 Bg7
28. Re3 Be5 29. Kh1 Qf6 30. Be2 Rh6 31. Qf1 b4 32. Qe1 bxc3 33. bxc3 Bf4 34.
Bf1 Qg5 35. Kg1 Bc8 36. Re2 e3 37. fxe3 Bc7 38. Rg2 Re8 39. Qd2 Bxf5 40. Nxf5
Qxf5 41. e4 Bb6+ 42. Kh1 Qf6 43. exd5 Bc5 44. Qf4 Qxf4 45. gxf4 Rf6 46. Re2 Rg8
47. Bg2 Bd6 48. Re4 Rfg6 49. Bf3 Bc5 50. Ree1 Rf6 51. Be4 Bd6 52. f5 Rh6 53.
Re2 Rc8 54. Bd3 Rxc3 55. Bxa6 Rch3 56. Rdd2 Bf4 57. Re8+ Kg7 58. Rg2+ Kf6 59.
Ree2 Rc3 60. Bb5 Rc1+ 61. Rg1 Rxg1+ 62. Kxg1 Kxf5 63. Be8 Rg6+ 64. Kf1 Rh6 65.
h3 Kf6 66. Re4 Bd6 67. Re3 Rh4 68. a4 Rd4 69. Bc6 Kf5 70. Ke2 Re4 71. a5 Rxe3+
72. Kxe3 Ke5 73. h4 f5 74. h5 h6 75. Kd3 Bc7 76. a6 Bb6 77. Kc4 Kd6 78. Ba4 Ba7
79. Bd1 Be3 80. Bc2 f4 81. Be4 Ba7 82. Kd3 Ke5 83. Ke2 Bb6 84. Bf3 Kd6 85. Kf1
1/2-1/2

[Event "Monarch Assurance Isle of Man 5th"]
[Site "Port Erin IOM"]
[Date "1996.10.12"]
[Round "8"]
[White "Hebden, Mark"]
[Black "Richardson, John R"]
[Result "1-0"]
[WhiteElo "2530"]
[BlackElo "2310"]
[PlyCount "101"]
[EventDate "1996.10.05"]
[EventType "swiss"]
[EventRounds "9"]
[EventCountry "IOM"]
[SourceTitle "BritBase"]

1. d4 Nf6 2. Nf3 e6 3. Bg5 d5 4. c4 Be7 5. Nc3 O-O 6. e3 b6 7. Bd3 Bb7 8. O-O
Nbd7 9. cxd5 Nxd5 10. Bxe7 Qxe7 11. Nxd5 Bxd5 12. Qc2 Bxf3 13. gxf3 c5 14. dxc5
Nxc5 15. Bxh7+ Kh8 16. Be4 Rac8 17. f4 Nxe4 18. Qxe4 Rc5 19. Kh1 Qh4 20. b4 Rh5
21. Qg2 g6 22. Rad1 Kg7 23. f3 Qf6 24. Qe2 Rc8 25. Rd4 e5 26. fxe5 Qxe5 27. Qd2
Qf5 28. e4 Qh3 29. Rf2 Qg3 30. Qb2 Kg8 31. Rdd2 Qf4 32. Rf1 a5 33. a3 axb4 34.
axb4 Rb5 35. Rd3 Qe5 36. Qd2 Rc4 37. Qh6 Rc8 38. Rfd1 Re8 39. Rd8 Qe7 40. Rxe8+
Qxe8 41. Qh4 g5 42. Qh6 Qe7 43. h4 Rxb4 44. Rg1 Rb5 45. hxg5 Qe5 46. Rd1 Qe7
47. g6 fxg6 48. Qxg6+ Kf8 49. Qh6+ Kf7 50. Rg1 Ke8 51. Qc6+ 1-0

[Event "Monarch Assurance Isle of Man 5th"]
[Site "Port Erin IOM"]
[Date "1996.10.12"]
[Round "8"]
[White "Hector, Jonny"]
[Black "Hartman, Christer"]
[Result "1-0"]
[WhiteElo "2525"]
[BlackElo "2370"]
[PlyCount "67"]
[EventDate "1996.10.05"]
[EventType "swiss"]
[EventRounds "9"]
[EventCountry "IOM"]
[SourceTitle "BritBase"]

1. e4 e5 2. Nc3 Nf6 3. Nf3 Nc6 4. g3 g6 5. d4 exd4 6. Nxd4 Bg7 7. Nde2 O-O 8.
Bg2 d6 9. h3 Re8 10. O-O Bd7 11. f4 a5 12. g4 h6 13. Be3 a4 14. Qd2 a3 15. b3
b5 16. Ng3 b4 17. Nce2 Nh7 18. e5 dxe5 19. Rad1 Nf8 20. fxe5 Nxe5 21. Bxh6 Bxh6
22. Qxh6 Ra5 23. Nf4 Nh7 24. Nfh5 gxh5 25. Nxh5 Qg5 26. Nf6+ Qxf6 27. Rxf6 Nxf6
28. Qxf6 Rc5 29. Rd5 Rxc2 30. Rxe5 Rxe5 31. Qxe5 Rxa2 32. Qg5+ Kf8 33. Qc5+ Ke8
34. Qxb4 1-0

[Event "Monarch Assurance Isle of Man 5th"]
[Site "Port Erin IOM"]
[Date "1996.10.12"]
[Round "8"]
[White "Kourkounakis, Ilias"]
[Black "Gofshtein, Leonid D"]
[Result "1-0"]
[WhiteElo "2400"]
[BlackElo "2545"]
[PlyCount "61"]
[EventDate "1996.10.05"]
[EventType "swiss"]
[EventRounds "9"]
[EventCountry "IOM"]
[SourceTitle "BritBase"]

1. c4 b6 2. Nc3 Bb7 3. e4 e6 4. Bd3 Bb4 5. Nge2 Qg5 6. O-O f5 7. Bc2 Qh4 8.
exf5 Nf6 9. d4 Bd6 10. f4 Na6 11. Nb5 Be7 12. Bd2 c6 13. Nbc3 c5 14. d5 Nb4 15.
fxe6 dxe6 16. Ba4+ Kf7 17. a3 Na6 18. Be1 Qh6 19. dxe6+ Kxe6 20. Ng3 Kf7 21.
Qe2 Bf8 22. Rd1 Bc8 23. f5 Nc7 24. Nce4 Qh4 25. Bc3 Be7 26. Nxf6 gxf6 27. Rfe1
Bf8 28. Be8+ Nxe8 29. Qxe8+ Kg7 30. Bxf6+ Kxf6 31. Qd8+ 1-0

[Event "Monarch Assurance Isle of Man 5th"]
[Site "Port Erin IOM"]
[Date "1996.10.12"]
[Round "8"]
[White "Ledger, Andrew"]
[Black "Baburin, Alexander"]
[Result "1-0"]
[WhiteElo "2415"]
[BlackElo "2545"]
[PlyCount "72"]
[EventDate "1996.10.05"]
[EventType "swiss"]
[EventRounds "9"]
[EventCountry "IOM"]
[SourceTitle "BritBase"]

1. e4 Nf6 2. e5 Nd5 3. d4 d6 4. c4 Nb6 5. exd6 exd6 6. d5 Be7 7. Bd3 c6 8. Nc3
cxd5 9. cxd5 O-O 10. Nge2 N8d7 11. O-O Nc5 12. Bc2 Bf6 13. h3 Re8 14. Be3 Rxe3
15. fxe3 Nc4 16. Rf3 Qe7 17. b4 Nxe3 18. Qc1 Nxc2 19. Qxc2 Nd7 20. Raf1 Ne5 21.
Rxf6 gxf6 22. Ng3 f5 23. Nxf5 Bxf5 24. Qxf5 Ng6 25. Ne4 Kg7 26. Nf6 Qe5 27.
Nh5+ Kh6 28. g4 Qd4+ 29. Kh2 Re8 30. Ng3 Qe5 31. Rf2 f6 32. Re2 Qxe2+ 33. Nxe2
Rxe2+ 34. Kg1 Re5 35. Qxf6 Rxd5 36. h4 Re5 1-0

[Event "Monarch Assurance Isle of Man 5th"]
[Site "Port Erin IOM"]
[Date "1996.10.12"]
[Round "8"]
[White "Sahl, Bjarke"]
[Black "Hunt, Harriet"]
[Result "1/2-1/2"]
[WhiteElo "2420"]
[BlackElo "2315"]
[PlyCount "155"]
[EventDate "1996.10.05"]
[EventType "swiss"]
[EventRounds "9"]
[EventCountry "IOM"]
[SourceTitle "BritBase"]

1. e4 c5 2. Nf3 d6 3. d4 cxd4 4. Nxd4 Nf6 5. Nc3 a6 6. Bg5 e6 7. f4 Be7 8. Qf3
Qc7 9. O-O-O Nbd7 10. g4 b5 11. Bxf6 Nxf6 12. g5 Nd7 13. f5 Bxg5+ 14. Kb1 Ne5
15. Qh5 Qd8 16. Nxe6 Bxe6 17. fxe6 g6 18. exf7+ Kxf7 19. Qh3 Ra7 20. Be2 Kg7
21. Rd5 Qe7 22. Rhd1 Rd8 23. R5d4 Nc6 24. R4d3 b4 25. Nd5 Qxe4 26. Bf3 Qe5 27.
Nb6 Ne7 28. Nc4 Qc5 29. Nxd6 Rf8 30. Ne4 Qe5 31. Qg4 Bf4 32. h4 Rc7 33. h5 Qxh5
34. Qxh5 gxh5 35. Bxh5 Rc4 36. Rg1+ Ng6 37. Nd6 Rc5 38. Bd1 Rg5 39. Rh1 Kg8 40.
c3 bxc3 41. Ne4 Rg2 42. Bb3+ Kh8 43. bxc3 Ne5 44. Rd6 Rg6 45. Rxg6 Nxg6 46. Rh5
h6 47. Ra5 Re8 48. Nf6 Re1+ 49. Kb2 Re2+ 50. Ka3 Bd6+ 51. Ka4 Rf2 52. Nd5 Nf4
53. Rxa6 Nxd5 54. Bxd5 Bf4 55. Kb5 h5 56. a4 h4 57. Ra8+ Kg7 58. Rg8+ Kf6 59.
Rh8 Ke5 60. Kc6 Rc2 61. Rh5+ Kf6 62. c4 Bg3 63. a5 Ra2 64. Kb5 Rb2+ 65. Kc6 Ra2
66. Kb6 Rb2+ 67. Ka7 Bf2+ 68. Ka8 Ra2 69. Bb7 Ra4 70. Bc8 Rxc4 71. Rf5+ Kg6 72.
Rxf2 Rxc8+ 73. Kb7 Rh8 74. a6 h3 75. a7 Kg5 76. Rc2 Kg4 77. Rc8 Rh7+ 78. Kb6
1/2-1/2

[Event "Monarch Assurance Isle of Man 5th"]
[Site "Port Erin IOM"]
[Date "1996.10.12"]
[Round "8"]
[White "Sahu, Sekhar Chandra"]
[Black "Ward, Christopher"]
[Result "0-1"]
[WhiteElo "2340"]
[BlackElo "2460"]
[PlyCount "100"]
[EventDate "1996.10.05"]
[EventType "swiss"]
[EventRounds "9"]
[EventCountry "IOM"]
[SourceTitle "BritBase"]

1. e4 c5 2. Nf3 d6 3. d4 cxd4 4. Nxd4 Nf6 5. Nc3 g6 6. Be3 Bg7 7. h3 O-O 8. Qd2
Nc6 9. O-O-O Nxd4 10. Bxd4 Be6 11. g4 Qa5 12. g5 Nh5 13. a3 Bxd4 14. Qxd4 Qxg5+
15. Kb1 Rfc8 16. Be2 Nf4 17. Qe3 Qe5 18. Bg4 Rc5 19. Ne2 Nxe2 20. Bxe2 f5 21.
Rd4 f4 22. Qd2 Rf8 23. Bg4 Bxg4 24. hxg4 f3 25. Qd3 b6 26. Rh3 Qf4 27. Rg3 Re5
28. Rc4 d5 29. Rd4 dxe4 30. Qb3+ Qf7 31. Qe3 Qf4 32. Qb3+ Kg7 33. Qc3 Rf6 34.
g5 Rxg5 35. Rxg5 Qxg5 36. Rxe4 Qc5 37. Qe1 Kf7 38. Re3 h5 39. Rc3 Qd4 40. Rd3
Qf4 41. Re3 e6 42. Re4 Qd6 43. Qc3 Qd1+ 44. Ka2 Qd5+ 45. Qc4 Qxc4+ 46. Rxc4 g5
47. Rc7+ Kg6 48. Rxa7 g4 49. Ra8 h4 50. Rh8 g3 0-1

[Event "Monarch Assurance Isle of Man 5th"]
[Site "Port Erin IOM"]
[Date "1996.10.13"]
[Round "9"]
[White "Baburin, Alexander"]
[Black "Arkell, Keith C"]
[Result "1-0"]
[WhiteElo "2545"]
[BlackElo "2545"]
[PlyCount "39"]
[EventDate "1996.10.05"]
[EventType "swiss"]
[EventRounds "9"]
[EventCountry "IOM"]
[SourceTitle "BritBase"]

1. d4 e6 2. c4 Bb4+ 3. Bd2 Bxd2+ 4. Qxd2 b6 5. Nc3 Bb7 6. e4 Nh6 7. g3 f5 8.
Bg2 O-O 9. Nge2 d6 10. O-O Nd7 11. Nf4 Re8 12. d5 Nf8 13. Nxe6 Nxe6 14. dxe6 c6
15. exf5 Nxf5 16. Rfe1 Qf6 17. Ne4 Qg6 18. Bh3 Rad8 19. Ng5 c5 20. e7 1-0

[Event "Monarch Assurance Isle of Man 5th"]
[Site "Port Erin IOM"]
[Date "1996.10.13"]
[Round "9"]
[White "Emms, John M"]
[Black "Blees, Albert"]
[Result "1-0"]
[WhiteElo "2500"]
[BlackElo "2415"]
[PlyCount "57"]
[EventDate "1996.10.05"]
[EventType "swiss"]
[EventRounds "9"]
[EventCountry "IOM"]
[SourceTitle "BritBase"]

1. e4 c5 2. Nf3 d6 3. d4 cxd4 4. Nxd4 Nf6 5. Nc3 a6 6. Bc4 e6 7. O-O Be7 8. a4
O-O 9. Be3 Qc7 10. Qe2 b6 11. Rad1 Nc6 12. f4 Bb7 13. Nxc6 Bxc6 14. f5 exf5 15.
Rxf5 Rae8 16. Rdf1 d5 17. e5 Nd7 18. Nxd5 Bxd5 19. Bxd5 Nxe5 20. Kh1 Bd6 21.
Bd4 Kh8 22. Qxa6 Qxc2 23. Qxb6 Qd3 24. Bxe5 Bxe5 25. Bxf7 Rb8 26. Qe6 Bxb2 27.
R5f3 Qd8 28. Qe4 Qd4 29. Qxh7+ 1-0

[Event "Monarch Assurance Isle of Man 5th"]
[Site "Port Erin IOM"]
[Date "1996.10.13"]
[Round "9"]
[White "Norwood, David"]
[Black "Hartoch, Robert G"]
[Result "1-0"]
[WhiteElo "2520"]
[BlackElo "2295"]
[PlyCount "41"]
[EventDate "1996.10.05"]
[EventType "swiss"]
[EventRounds "9"]
[EventCountry "IOM"]
[SourceTitle "BritBase"]

1. Nf3 g6 2. e4 Bg7 3. d4 d6 4. Bg5 h6 5. Bh4 Bg4 6. c3 Nf6 7. h3 Bxf3 8. Qxf3
e5 9. dxe5 dxe5 10. Nd2 O-O 11. O-O-O Nbd7 12. Nc4 Qe7 13. Rxd7 Qxd7 14. Bxf6
Bxf6 15. Qxf6 Rad8 16. Be2 Qa4 17. a3 b5 18. Qc6 f6 19. Ne3 Rd6 20. Bxb5 Qa5
21. Nc4 1-0

[Event "Monarch Assurance Isle of Man 5th"]
[Site "Port Erin IOM"]
[Date "1996.10.13"]
[Round "9"]
[White "Novikov, Igor A"]
[Black "Brodsky, Michail"]
[Result "1/2-1/2"]
[WhiteElo "2585"]
[BlackElo "2510"]
[PlyCount "24"]
[EventDate "1996.10.05"]
[EventType "swiss"]
[EventRounds "9"]
[EventCountry "IOM"]
[SourceTitle "BritBase"]

1. d4 Nf6 2. c4 e6 3. Nf3 d5 4. Nc3 c5 5. cxd5 cxd4 6. Nxd4 Nxd5 7. Bd2 Be7 8.
e3 O-O 9. Be2 Nf6 10. O-O e5 11. Nb3 Bf5 12. f3 Nc6 1/2-1/2

[Event "Monarch Assurance Isle of Man 5th"]
[Site "Port Erin IOM"]
[Date "1996.10.13"]
[Round "9"]
[White "Tkachiev, Vladislav"]
[Black "Ledger, Andrew"]
[Result "1-0"]
[WhiteElo "2620"]
[BlackElo "2415"]
[PlyCount "77"]
[EventDate "1996.10.05"]
[EventType "swiss"]
[EventRounds "9"]
[EventCountry "IOM"]
[SourceTitle "BritBase"]

1. e4 c6 2. Nc3 d5 3. Nf3 Bg4 4. h3 Bxf3 5. Qxf3 Nf6 6. d3 e6 7. Qg3 Nbd7 8.
Be2 b5 9. a3 Qb6 10. O-O g6 11. Bf4 Be7 12. Bf3 O-O 13. Rfe1 Rac8 14. h4 Kh8
15. Re2 d4 16. Nb1 c5 17. Nd2 c4 18. e5 Ne8 19. Ne4 Ng7 20. Bg5 Qd8 21. Qf4 f6
22. exf6 Nxf6 23. Qe5 cxd3 24. cxd3 Nxe4 25. Bxe7 Qxe7 26. Rxe4 Rfd8 27. Rxd4
Rxd4 28. Qxd4 Rd8 29. Qe5 a6 30. Rc1 Qxh4 31. Rc7 Rg8 32. d4 Qh6 33. d5 exd5
34. Bxd5 Rf8 35. g3 g5 36. Rf7 Rc8 37. Qc7 Re8 38. Qe7 Rg8 39. Rf8 1-0

[Event "Monarch Assurance Isle of Man 5th"]
[Site "Port Erin IOM"]
[Date "1996.10.13"]
[Round "9"]
[White "Tzermiadianos, Andreas"]
[Black "Sahl, Bjarke"]
[Result "0-1"]
[WhiteElo "2375"]
[BlackElo "2420"]
[PlyCount "62"]
[EventDate "1996.10.05"]
[EventType "swiss"]
[EventRounds "9"]
[EventCountry "IOM"]
[SourceTitle "BritBase"]

1. e4 e5 2. Nf3 Nc6 3. Bc4 Nf6 4. d4 exd4 5. e5 Ng4 6. Qe2 Qe7 7. Bf4 f6 8.
exf6 gxf6 9. Nbd2 d6 10. O-O-O Qxe2 11. Bxe2 Nxf2 12. Nxd4 Nxd4 13. Bh5+ Kd8
14. Be3 Nxh1 15. Bxd4 Rg8 16. Rxh1 Rxg2 17. Bxf6+ Be7 18. Bf3 Rg8 19. Bc3 c6
20. Be4 h5 21. Bh7 Rf8 22. Rg1 Bg4 23. Bg6 Kd7 24. h3 Bxh3 25. Bxh5 Rg8 26. Rh1
Bf5 27. Bf3 Raf8 28. b3 Rg3 29. Rf1 Kd8 30. Kb2 Bh3 31. Rf2 Bf6 0-1

[Event "Monarch Assurance Isle of Man 5th"]
[Site "Port Erin IOM"]
[Date "1996.10.13"]
[Round "9"]
[White "Ward, Christopher"]
[Black "Forster, Richard"]
[Result "1/2-1/2"]
[WhiteElo "2460"]
[BlackElo "2320"]
[PlyCount "80"]
[EventDate "1996.10.05"]
[EventType "swiss"]
[EventRounds "9"]
[EventCountry "IOM"]
[SourceTitle "BritBase"]

1. d4 Nf6 2. c4 g6 3. Nc3 Bg7 4. e4 d6 5. f3 O-O 6. Be3 Nbd7 7. Qd2 c5 8. Nge2
a6 9. d5 Ne5 10. Ng3 h5 11. Be2 h4 12. Nf1 e6 13. Bh6 exd5 14. cxd5 b5 15. Bxg7
Kxg7 16. a4 Bd7 17. f4 Nc4 18. Bxc4 bxc4 19. O-O-O Qa5 20. Ne3 Bxa4 21. Nxc4
Qb4 22. Nxd6 Bxd1 23. Rxd1 Rad8 24. e5 Rxd6 25. exd6 Rd8 26. f5 Rxd6 27. fxg6
fxg6 28. Qe3 Rd7 29. d6 Qc4 30. Qe5 a5 31. Kb1 a4 32. Nd5 Qe4+ 33. Qxe4 Nxe4
34. Nb6 Rxd6 35. Rxd6 Nxd6 36. Nxa4 Ne4 37. Kc2 Kf6 38. Kd3 Ke5 39. Kc4 Kd6 40.
Nc3 Nxc3 1/2-1/2